| 000 | 01067cam a2200277 a 4500 | ||
|---|---|---|---|
| 001 | 16619333 | ||
| 003 | ARRUPE | ||
| 005 | 20131125175420.0 | ||
| 008 | 101115s2010 enka b 000 0 eng | ||
| 010 | _a 2011379422 | ||
| 020 | _a9780904849363 (Saint Albert's Press : pbk.) | ||
| 020 | _a0904849368 (Saint Albert's Press : pbk.) | ||
| 020 | _a9788872881132 (Edizioni carmelitane : pbk.) | ||
| 040 |
_aDLC _cDLC _dDLC |
||
| 042 | _apcc | ||
| 050 | 0 | 0 |
_aBX3203 _b.C58 2010 |
| 245 | 0 | 0 |
_aClimbing the mountain : _bthe Carmelite journey / _cedited by Johan Bergström-Allen. |
| 260 |
_aFaversham, Kent : _bSaint Albert's Press ; _aRoma, Italy : _bEdizioni carmelitane, _c2010. |
||
| 300 |
_a604 p. : _bill. (chiefly col.) ; _c23 cm. |
||
| 504 | _aIncludes bibliographical references (p. 598-599). | ||
| 610 | 2 | 0 |
_aCarmelites _xSpiritual life. _93749 |
| 700 | 1 |
_aBergström-Allen, Johan, _d1979- _93750 |
|
| 906 |
_a7 _bcbc _corigres _d2 _encip _f20 _gy-gencatlg |
||
| 942 |
_2lcc _cMONOGRAPH |
||
| 999 |
_c118661 _d118661 |
||